[Event "Venice Region 73rd"]
[Site "Venice Campalto"]
[Date "2013.01.26"]
[Round "3.4"]
[White "Ballarin, Pietro"]
[Black "Agostini, Irene"]
[Result "1-0"]
[WhiteElo "1685"]
[BlackElo "1440"]
[PlyCount "51"]
[EventDate "2013.01.25"]
[EventType "swiss"]
[EventRounds "5"]
[EventCountry "ITA"]
[SourceTitle "EXT 2023"]
[Source "ChessBase"]
[SourceDate "2022.10.05"]
[SourceVersion "1"]
[SourceVersionDate "2022.10.05"]
[SourceQuality "1"]

1. e4 e5 2. Nf3 Nc6 3. d4 Bd6 4. Bb5 Qf6 5. c3 Qg6 6. Bxc6 dxc6 7. 0-0 Nf6 8. dxe5 Bxe5 9. Nxe5 Qxe4 10. Re1 Qd5 11. Qxd5 cxd5 12. Ng6+ Be6 13. Nxh8 0-0-0 14. Nxf7 Bxf7 15. Bg5 h6 16. Bxf6 gxf6 17. Nd2 f5 18. Nf3 f4 19. Re5 Bg6 20. Rae1 b6 21. Re6 Rg8 22. Nh4 Bf7 23. Rf6 Rg4 24. Rxf7 Rxh4 25. Ree7 Kb7 26. Rxc7+ 1-0